000 00577nam a2200157 u 4500
001 000036146
005 20200930074922.0
008 111220s1957 dr r 000 0 spa d
040 _aDO-SdBNP
_bspa
_cBNPHU
082 _axxxx
_bxxxx
100 1 _aLeuchsenring, Emilio Roig de
_94358
245 1 3 _aEl manifiesto de Montecristi :
_bsus raices, finalidades y proyecciones /
_cEmilio Roig de Leuchsenring.
260 _aLa Habana :
_bOficina del Historiador de la Ciudad,
_c1957.
300 _a153 p. ;
_c23 cm.
590 _aPerteneció a la biblioteca personal de Juan Isidro Grullón
999 _c35637
_d35637